000 00867nam a22002175i 4500
001 159771
003 ES-MaACL
005 20250629063135.0
008 991117s1867 fr c |||| |bfre d
040 _aCCPB | B
_bspa
_cCCPB | B
100 1 _aMirecourt, Eugène de,
_d1812-1880
_9129980
245 1 0 _aCavour /
_cpar Eugène de Mirecourt.
260 _aParis :
_bchez Achille Faure, éditeur,
_c1867.
300 _a72 p., [1] h. de retr. ;
_c13 cm.
490 1 _aHistoire contemporaine : Portraits et Silhouettes au XIX\pe\s siécle
599 _aRetr. de Cavour.
600 1 4 _aCavour, Camillo (
_d1810-1861)
_9176214
830 0 _aHistoire contemporaine : Portraits et Silhouettes au XIX\pe\s siécle
_9188219
852 _aES-MaACL
_jG-14946(5)
_z-- Enc. hol.
_x-- Edic.: El imp. es: Mirecourt : Typographie L.-Ph. Costet
999 _c159771
_d159771